LEADER 01026nam0-2200325 --450 001 9910509608503321 005 20211207123525.0 010 $a978-88-7521-819-5 020 $aIT$b2017-9148 100 $a20211207d2017----kmuy0itay5050 ba 101 1 $aita$ceng 102 $aIT 105 $ay 001yy 200 1 $aCultura on demand$edistribuzione digitale e futuro dei film$fChuck Tryon$ga cura di Fabio Guarnaccia e Luca Barra$gtraduzione di Nazzareno Mataldi 210 $aRoma$cMinimum fax$d2017 215 $a370 p.$d20 cm 225 1 $aSuperTele$v3 610 0 $aFilm$aDistribuzione$aRuolo [dell'] Innovazione tecnologica 676 $a384.8$v23$zita 700 1$aTryon,$bChuck$f<1974- >$01059403 702 1$aMataldi,$bNazzareno 702 1$aBarra,$bLuca 702 1$aGuarnaccia,$bFabio 801 0$aIT$bUNINA$gREICAT$2UNIMARC 901 $aBK 912 $a9910509608503321 952 $aCOLLEZ. 2883 (3)$b1340/2021$fFSPBC 959 $aFSPBC 996 $aCultura on demand$92505696 997 $aUNINA LEADER 01502oam 2200421zu 450 001 996199735203316 005 20210806235844.0 010 $a1-5386-0240-7 035 $a(CKB)1000000000036047 035 $a(SSID)ssj0000453785 035 $a(PQKBManifestationID)12173399 035 $a(PQKBTitleCode)TC0000453785 035 $a(PQKBWorkID)10481709 035 $a(PQKB)10799077 035 $a(NjHacI)991000000000036047 035 $a(EXLCZ)991000000000036047 100 $a20160829d2005 uy 101 0 $aeng 135 $aur||||||||||| 181 $ctxt 182 $cc 183 $acr 200 10$a2005 5th International Workshop on the Design of Reliable Communication Networks 210 31$a[Place of publication not identified]$cI E E E$d2005 215 $a1 online resource (xxiii, 548 pages) $cillustrations 300 $aBibliographic Level Mode of Issuance: Monograph 311 $a0-7803-9439-9 606 $aComputer networks$vCongresses 615 0$aComputer networks 676 $a621.382/1 712 02$aInternational Institute of Communications Staff 712 02$aInstitute of Electrical and Electronics Engineers, Inc. Staff 712 12$aInternational Workshop on the Design of Reliable Communication Networks$d(5th :$f2005 :$eIschia Island, Italy) 801 0$bPQKB 906 $aPROCEEDING 912 $a996199735203316 996 $a2005 5th International Workshop on the Design of Reliable Communication Networks$92534690 997 $aUNISA